| 000 | 00494cam a2200205ua 4500 | ||
|---|---|---|---|
| 001 | 8729 | ||
| 005 | 20260515114354.0 | ||
| 008 | 150213n ii |||gr||||Z||||||eng | ||
| 020 | _a9780194312875 | ||
| 040 | _cMAIN | ||
| 041 | _aeng | ||
| 082 | _a413.1 | ||
| 100 |
_aCowie, A. P., _eEditor. |
||
| 245 | 1 |
_aOxford dictionary of english idioms _cEdited by A. P. Cowie |
|
| 250 | _a1st. | ||
| 260 |
_aNew Delhi: _bOxford, _c1996. |
||
| 300 | _axx,674p. | ||
| 653 | _aDictionaries | ||
| 942 | _cBK | ||
| 999 |
_c7820 _d7820 |
||